000 00292nam a22001217a 4500
020 _a0-8094-6066-1
082 _a004.16 UND'T
100 _aTIME - LIFE
_957086
245 _aUNDERSTANDING COMPUTERS THE PERSONAL COMPUTERS
260 _aVIRGINIA
_bTIME - LIFE
300 _a128P
942 _cBK
999 _c567389
_d567389